000 01847nam a2200289Ia 4500
999 _c39968
_d39968
001 6574
003 GE_BSU
005 20230824165110.0
008 181216s2007||||ge |||||||||||||| ||geo||
020 _a99941100048
040 _cGE_BSU
041 _ageo
080 _a343.1(100) გ-99
100 _aგუცენკო, კ.ფ.
_919711
245 _aდასავლეთის სახელმწიფოთა სისხლის სამართლის პროცესი = Уголовный процесс западных государств /
_cკ.ფ. გუცენკო, ლ.ვ. ფილიმონოვი, ბ.ა. ფილიმონოვი ; რუს. თარგმნეს : ირინე ბოხაშვილმა და სხვ. ; რედ. მ. ჩიკვილაძე.
264 _aთბილისი :
_bმერიდიანი :
_c2007.
300 _a600 გვ. ;
_c20 სმ.
504 _aბიბლიოგრაფია ტექსტის შენიშვნებში
520 _aრეზიუმე რუსულ და ინგლისურ ენებზე
653 _aდასავლეთის სახელმწიფოთა სისხლის სამართლის პროცესი
653 _aსაზღვარგარეთის ქვეყნების სისხლის სამართლის პროცესი
700 _aგოლოვკო, ლ.ვ.
_eავტორი
_919712
700 _aფილიმონოვი, ბ.ა
_eავტორი
_919713
700 _aბოხაშვილი, ირინე
_eმთარგმნელი
_96814
700 _aჩიკვილაძე, მ.
_eრედაქტორი
_912275
942 _cBK
_2udc